000
00194 a2200097 4500
020
_a
9781741798944
041
_a
eng
100
_a
Anonimo
245
_a
South America on a shoestring
942
_c
BK
999
_c
13804
_d
13804